Sports Quiz

Random Sports or MLB Quiz

Most Games Played - Orioles (2000s) Quiz Stats

 Plays Quiz not verified by Sporcle

Score 0/45 Timer 06:00
0 Plays Today
Position Player % Correct
Second BaseBrian Roberts
97%
ShortstopMiguel Tejada
92.9%
Right FieldNick Markakis
92.7%
Third BaseMelvin Mora
92.1%
ShortstopMelvin Mora
92.1%
Left FieldMelvin Mora
92.1%
Center FieldMelvin Mora
92.1%
Center FieldAdam Jones
90.8%
Third BaseCal Ripken
83.4%
CatcherMatt Wieters
80.7%
First BaseRafael Palmeiro
78.3%
CatcherRamon Hernandez
76.9%
First BaseAubrey Huff
76.1%
Third BaseAubrey Huff
76.1%
Designated HitterAubrey Huff
76.1%
CatcherJavy Lopez
73.6%
Designated HitterJavy Lopez
73.6%
Left FieldLuke Scott
67.4%
Designated HitterLuke Scott
67.4%
Right FieldJay Gibbons
61.4%
Designated HitterJay Gibbons
61.4%
ShortstopCesar Izturis
60.3%
Right FieldBrady Anderson
56.3%
Position Player % Correct
ShortstopMike Bordick
55.7%
Center FieldCorey Patterson
52.4%
Center FieldLuis Matos
51.9%
Second BaseJerry Hairston
50.5%
Left FieldB.J. Surhoff
50%
First BaseKevin Millar
49.5%
Left FieldLarry Bigbie
44.8%
First BaseJeff Conine
44%
Third BaseJeff Conine
44%
CatcherGeronimo Gil
42.4%
Right FieldAlbert Belle
38.3%
Third BaseTony Batista
37.5%
CatcherBrook Fordyce
36.7%
Designated HitterDavid Segui
34.8%
ShortstopDeivi Cruz
29.9%
Second BaseDelino DeShields
24.2%
Left FieldJay Payton
20.9%
First BaseChris Gomez
19.3%
Second BaseChris Gomez
19.3%
Right FieldGary Matthews
14.4%
Center FieldChris Singleton
13%
Second BaseBrandon Fahey
10.9%

You're not logged in!

Compare scores with friends on all Sporcle quizzes.
OR
Log In

Show Comments

Extras

Top Quizzes Today


Score Distribution

Your Account Isn't Verified!

In order to create a playlist on Sporcle, you need to verify the email address you used during registration. Go to your Sporcle Settings to finish the process.

Report this User

Report this user for behavior that violates our Community Guidelines.

Details: